Creating a 3D Animated CGI Short (Record no. 3035)

000 -LEADER
fixed length control field 00346ngm a2200133Ia 4500
008 - FIXED-LENGTH DATA ELEMENTS--GENERAL INFORMATION
fixed length control field 180904s9999||||xx ||| | || ||und||
020 ## - INTERNATIONAL STANDARD BOOK NUMBER
International Standard Book Number 9780763782641
082 ## - DEWEY DECIMAL CLASSIFICATION NUMBER
Classification number 791.433
Item number SCA/C
100 ## - MAIN ENTRY--PERSONAL NAME
Personal name Scaramozzino, Michael
245 #0 - TITLE STATEMENT
Title Creating a 3D Animated CGI Short
260 ## - PUBLICATION, DISTRIBUTION, ETC.
Place of publication, distribution, etc. Canada
Name of publisher, distributor, etc. Jones and Bartlett
Date of publication, distribution, etc. 2011
300 ## - PHYSICAL DESCRIPTION
Extent 535p
942 ## - ADDED ENTRY ELEMENTS (KOHA)
Koha item type DVD Library
Holdings
Withdrawn status Lost status Damaged status Not for loan Collection code Permanent Location Current Location Date acquired Cost, normal purchase price Barcode Date last seen Price effective from Koha item type
        School of Animation (Noida) MUIT-NOIDA MUIT-NOIDA 2018-09-04 2949.00 DVD00067 2018-09-04 2018-09-04 DVD Library

All Rights Reserved@MUIT

Powered by Koha